000 00345cam a22001337a 4500
008 180718b1961 xxu||||| |||| 00| 0 eng d
082 _aB11x54 H95/61
100 _aHusain, S. Abid
245 _aNational culture of India
_cby S. Abid Husain
250 _a2nd ed.
260 _aBombay
_bAsia
_c1961
300 _a237p.
650 _aCulture - India
999 _c368904
_d368904